Animals by Collective Name - Statistics

General Stats
  • This quiz has been taken 175 times
    163 since last reset
  • The average score is 10 of 30
Answer Stats
Hint Answer % Correct
Pride Lions
95%
Murder Crows
88%
Pack Wolves
88%
Flock Geese
64%
Pod Whales
62%
Parliament Owls
58%
Troop Kangaroos
57%
Cackle Hyenas
50%
Tower Giraffes
46%
Crash Rhinoceroses
44%
Parade Elephants
38%
Bloat Hippopotamuses
30%
Unkindness Ravens
29%
Shiver Sharks
29%
Band Gorillas
26%
Business Ferrets
18%
Leash Foxes
18%
Drift Pigs
18%
Bevy Quail
18%
Dray Squirrels
16%
Romp Otters
15%
Pace Donkeys
14%
Cete Badgers
12%
Tribe Goats
11%
Bloom Jellyfish
10%
Conspiracy Lemurs
9%
Gang Elk
7%
Shadow Jaguars
7%
Audience Squid
6%
Maelstrom Salamanders
0%
No matching quizzes found
Score Distribution
Percent of People with Each Score
Percentile by Number Answered
Your Score History
You have not taken this quiz since the last reset